| 000 | 00497nam a2200157 i 4500 | ||
|---|---|---|---|
| 001 | 49169 | ||
| 003 | ES-MaACL | ||
| 005 | 20230906161911.0 | ||
| 007 | t| | ||
| 008 | 030710s1964 sp ||||1| spa d | ||
| 100 | 1 |
_aCorta, José Francisco. _940805 |
|
| 245 | 1 | 0 |
_aLibertad o esclavitud _b: [el reparto equitativo del presupuesto escolar] / _cJosé Francisco Corta. |
| 260 |
_aZaragoza : _bHechos y Dichos, _c[1964] |
||
| 300 |
_a175 p., 8 lám. ; _c20 cm. |
||
| 852 |
_aES-MaACL _jC-26204 _bR.55052 |
||
| 999 |
_c49169 _d49169 |
||